000 00480nam a2200181Ia 4500
008 240925s9999 xx 000 0 und d
020 _a9814035068
082 _a621.3822 OPP
100 _aOppenheim ,Alan V.
245 0 _aDiscrete-Time Signal Processing
250 _a2nd
260 _aNew Jersey:
_bPrintice- Hall Int.
_c,1998.
300 _aviii,501p.
_bNa
_fOriginal
500 _aIncludes Index
600 _aEngineering Technology
650 _aTechnology
942 _cBK
999 _c6964
_d6964